000 00475nam a22001697a 4500
005 20251108164318.0
008 250721s1983 xx 000 0 ara d
082 1 4 _a811.609/سعد
100 1 _aسعد الدين، ليلى حسن
245 1 0 _aالعباس بن الأحنف :
_bدراسة مقارنة /
264 1 _aدمشق :
_c1983.
300 _a399ص.
650 1 7 _aشعر الغزل
650 1 7 _aالعصر العباسي
942 _2ddc
_cBK
999 _c9048
_d9048